000 00368nam a2200097Ia 4500
008 220120s9999||||xx |||||||||||||| ||und||
100 _aAkshay Krishnan, Abhishek, Arun Naika and Sugan
_912707
245 0 _aAnalysis and comparission of single point cutting tool for t
260 _aCoorg Institute of Technology
_bPonnampet
_c2018
650 _aELECTRONICS AND COMMUNICATIONS
999 _c138307
_d138307